00449nam a2200157Ia 4500008004100000020001500041041001200056082001600068100002000084245010800104250000800212260002500220300000800245650001600253700002200269221030s9999 xx 000 0 und d a8120312716 aEnglish a105.23bMis aK. L. P. Mishra 0aTheory of Computer Science ( Automata, Languages & Computation )cby K. L. P. Mishra, M. Chandersekaran a2nd bPHIaNew Delhic2002 a304 aBE Computer aM. Chandersekaran